| 000 | 01021nam a2200289 a 4500 | ||
|---|---|---|---|
| 001 | 4497373 | ||
| 003 | ARRUPE | ||
| 005 | 20150715123706.0 | ||
| 008 | 970602s1996 maua b 001 0 eng | ||
| 010 | _a 97156683 | ||
| 020 | _a0674768760 (pbk.) | ||
| 040 |
_aDLC _cDLC |
||
| 050 | 0 | 0 |
_aQ223 _b.G77 1990 |
| 082 | 0 | 0 |
_a501/.4 _221 |
| 100 | 1 |
_aGross, Alan G. _918091 |
|
| 245 | 1 | 4 |
_aThe rhetoric of science / _cAlan G. Gross. |
| 250 | _a1st Harvard University Press pbk. ed. | ||
| 260 |
_aCambridge, Mass. : _bHarvard University Press, _c1996. |
||
| 300 |
_axxxvi, 248 p. : _bill. ; _c24 cm. |
||
| 500 | _a"With a new preface by the author"--On cover. | ||
| 504 | _aIncludes bibliographical references (p. [221]-242) and index. | ||
| 650 | 0 |
_aCommunication in science _xPhilosophy. _918092 |
|
| 650 | 0 |
_aRhetoric _xPhilosophy. _918093 |
|
| 906 |
_a7 _bcbc _corignew _d2 _encip _f19 _gy-gencatlg |
||
| 942 |
_2lcc _cMONOGRAPH |
||
| 999 |
_c122912 _d122912 |
||